Adult and pediatric urology / Volume 2 (Record no. 3719)
[ view plain ]
| 000 -LEADER | |
|---|---|
| fixed length control field | 00999cam a22002774a 4500 |
| 001 - CONTROL NUMBER | |
| control field | 12408981 |
| 005 - DATE AND TIME OF LATEST TRANSACTION | |
| control field | 20250209104041.0 |
| 008 - FIXED-LENGTH DATA ELEMENTS--GENERAL INFORMATION | |
| fixed length control field | 010515s2002 paua b 001 0 eng |
| 020 ## - INTERNATIONAL STANDARD BOOK NUMBER | |
| International Standard Book Number | 9780781732208 |
| 050 00 - LIBRARY OF CONGRESS CALL NUMBER | |
| Classification number | RC871 |
| Item number | .A26 2002 |
| 082 00 - DEWEY DECIMAL CLASSIFICATION NUMBER | |
| Classification number | 616.6 |
| Edition information | 21 |
| 245 00 - TITLE STATEMENT | |
| Title | Adult and pediatric urology / Volume 2 |
| Statement of responsibility, etc. | editors, Jay Y. Gillenwater ... [et al.]. |
| 250 ## - EDITION STATEMENT | |
| Edition statement | 4th ed. |
| 260 ## - PUBLICATION, DISTRIBUTION, ETC. | |
| Place of publication, distribution, etc. | Philadelphia : |
| Name of publisher, distributor, etc. | Lippincott Williams & Wilkins, |
| Date of publication, distribution, etc. | c2002. |
| 300 ## - PHYSICAL DESCRIPTION | |
| Extent | 3 v. (xii 2760, 68 p.) : |
| Other physical details | ill. ; |
| Dimensions | 29 cm. + |
| Accompanying material | 1 CD-ROM (4 3/4 in.). |
| 500 ## - GENERAL NOTE | |
| General note | Accompanying CD-ROM in holder in v. 1. |
| 650 #0 - SUBJECT ADDED ENTRY--TOPICAL TERM | |
| Topical term or geographic name entry element | Genitourinary organs |
| General subdivision | Diseases. |
| 650 #0 - SUBJECT ADDED ENTRY--TOPICAL TERM | |
| Topical term or geographic name entry element | Urology. |
| 650 #0 - SUBJECT ADDED ENTRY--TOPICAL TERM | |
| Topical term or geographic name entry element | Pediatric urology. |
| 650 12 - SUBJECT ADDED ENTRY--TOPICAL TERM | |
| Topical term or geographic name entry element | Urologic Diseases. |
| 650 22 - SUBJECT ADDED ENTRY--TOPICAL TERM | |
| Topical term or geographic name entry element | Urologic Diseases |
| General subdivision | Child. |
| 650 22 - SUBJECT ADDED ENTRY--TOPICAL TERM | |
| Topical term or geographic name entry element | Urologic Diseases |
| General subdivision | Infant. |
| 700 1# - ADDED ENTRY--PERSONAL NAME | |
| Personal name | Gillenwater, Jay Y. |
| Fuller form of name | (Jay Young), |
| Dates associated with a name | 1933- |
| 856 42 - ELECTRONIC LOCATION AND ACCESS | |
| Materials specified | Publisher description |
| Uniform Resource Identifier | <a href="http://www.loc.gov/catdir/enhancements/fy0711/2001033882-d.html">http://www.loc.gov/catdir/enhancements/fy0711/2001033882-d.html</a> |
| 942 ## - ADDED ENTRY ELEMENTS (KOHA) | |
| Source of classification or shelving scheme | Library of Congress Classification |
| Koha item type | Books |
| Edition | 4th ed. |
| Suppress in OPAC | No |
| 999 ## - | |
| -- | 3719 |
| -- | 3719 |
| Withdrawn status | Lost status | Source of classification or shelving scheme | Damaged status | Not for loan | Collection | Home library | Current library | Shelving location | Date acquired | Total checkouts | Full call number | Barcode | Date last seen | Copy number | Price effective from | Koha item type |
|---|---|---|---|---|---|---|---|---|---|---|---|---|---|---|---|---|
| Library of Congress Classification | Non-fiction | Science Library (Miotso) | Science Library (Miotso) | General stacks | 02/09/2025 | RC871 .A26 ADU | SLM00003315 | 02/09/2025 | 1 | 02/09/2025 | Books |